Migración de retorno en espacios globales: aproximaciones teóricas /

Spremljeno u:
Bibliografski detalji
Glavni autor: Ballesteros Pérez, Xochitl
Format: Tekst
Oznake: Dodaj oznaku
Bez oznaka, Budi prvi tko označuje ovaj zapis!

MARC

LEADER 00000 a a2200000 04500
001 48263
003
040
100 |a Ballesteros Pérez, Xochitl  
245 |a Migración de retorno en espacios globales:   |b aproximaciones teóricas /  |c Xochitl Ballesteros Pérez  
773 |g páginas 179-198  
999 |c 38775  |d 38775